| 000 | 01916cam a22004214a 4500 | ||
|---|---|---|---|
| 001 | 8164161 | ||
| 003 | ARRUPE | ||
| 005 | 20150416020006.0 | ||
| 008 | 100223s2010 nyua b 001 0beng | ||
| 010 | _a 2010006988 | ||
| 020 | _a9780316001922 | ||
| 020 | _a0316001929 | ||
| 024 | _a99946895419 | ||
| 035 |
_a(OCoLC)537308872 _z(OCoLC)656549842 _z(OCoLC)672332807 |
||
| 035 | _a(OCoLC)ocn537308872 | ||
| 035 | _a(NNC)8164161 | ||
| 040 |
_aDLC _cDLC _dYDXCP _dTOH _dUPZ _dPX0 _dDAD _dEEK _dVP@ _dLMR _dCDX |
||
| 043 | _af-ua--- | ||
| 050 | 0 | 0 |
_aDT92.7 _b.S35 2011 |
| 082 | 0 | 0 |
_a932/.021092 _aB _222 |
| 100 | 1 |
_aSchiff, Stacy. _915636 |
|
| 245 | 1 | 0 |
_aCleopatra : _ba life / _cby Stacy Schiff. |
| 250 | _a1st ed. | ||
| 260 |
_aNew York : _bLittle, Brown and Co., _cc2010. |
||
| 300 |
_a347 p. : _bill. ; _c24 cm. |
||
| 504 | _aIncludes bibliographical references (p. [345]-347) and index. | ||
| 505 | 0 | _aIntroduction: That Egyptian woman -- Dead men don't bite -- Cleopatra captures the old man by magic -- The golden age never was the present age -- Man is by nature a political creature -- We must often shift the sails when we wish to arrive in port -- An object of gossip for the whole world -- Illicit affairs and bastard children -- The wickedest woman in history. | |
| 520 | _aThe Pulitzer Prize-winning biographer brings to life the most intriguing woman in the history of the world: Cleopatra, the last queen of Egypt. Though her life spanned fewer than 40 years, it reshaped the contours of the ancient world. | ||
| 600 | 0 | 0 |
_aCleopatra, _cQueen of Egypt, _d-30 B.C. _915637 |
| 650 | 0 |
_aQueens _zEgypt _vBiography. _915638 |
|
| 651 | 0 |
_aEgypt _xKings and rulers _vBiography. _915639 |
|
| 651 | 0 |
_aEgypt _xHistory _y332-30 B.C. _915640 |
|
| 942 |
_2lcc _cMONOGRAPH _04 |
||
| 948 | 1 |
_a20101118 _bc _cks26 _dMPS |
|
| 948 | 2 |
_a20110527 _ba _crad1 _dMPS |
|
| 948 | 2 |
_a20120312 _ba _cink2 _dMPS |
|
| 999 |
_c122229 _d122229 |
||